| 000 | 00697nam a2200253Ia 4500 | ||
|---|---|---|---|
| 003 | OSt | ||
| 005 | 20220924121712.0 | ||
| 006 | a|||||r|||| 00| 0 | ||
| 007 | ta | ||
| 008 | 220923b |||||||| |||| 00| 0 urd d | ||
| 020 | _c100 | ||
| 024 | _a309951 | ||
| 037 | _cTextual | ||
| 040 |
_aARTS _cARTS _burd |
||
| 041 |
_2urd _aurd |
||
| 082 | _aO168wM9, N4 | ||
| 100 |
_aRizvi Shafqat _9186970 |
||
| 245 | 0 |
_aFaizan-e-dakkan _bSalateen aasfia ki imiwa adabi sarparosti |
|
| 260 |
_aKarachi _bBahadur Jung Acadmi Pakistan _c1994 |
||
| 300 |
_a196p. _ccm. |
||
| 650 | _aURDU LITERATURE | ||
| 942 |
_hO168wM9, N4 _cTEXL _2CC |
||
| 999 |
_c408678 _d408678 |
||